000 00471nam a2200181Ia 4500
005 20251020182610.0
008 200515s9999 xx 000 0 und d
082 _aSC/628.1/.2/A78
110 _aServicio de Agua Potable y Alcantarillado de Lima
245 0 _aAgua y desagüe para Lima y Callao una tarea permanente
260 _aLima
260 _c1982
300 _a55
650 _aABASTECIMIENTO DE AGUA
650 _aAGUA
650 _aDESAGUES
942 _cLIB
999 _c3324
_d3324